One Piece - surnom de ces personnages - Statistiques

Statistiques générales
  • Ce quiz a été pris 225 fois
  • Le résultat moyen est 24 sur 30
Statistiques - réponses
Surnom Personnage % Correct
"Chapeau de Paille" Monkey D. Luffy
100%
"Barbe Noire" Marshall D. Teach
99%
"Le Chasseur de pirates" Roronoa Zoro
99%
"La Jambe Noire" Vinsmoke Sanji
98%
"Le Roi des Pirates" Gol D. Roger
97%
"La Chatte Voleuse" Nami
97%
"Le Clown aux Mille Pièces" Baggy
96%
"Le Roux" Shanks
96%
"Le Héros de la Marine" Monkey D. Garp
94%
"La Princesse Serpent" Boa Hancock
93%
"Big Mom" Charlotte Linlin
92%
"Le Paladin des Mers" Jinbe
92%
"L'Enfant du Démon" Nico Robin
92%
"Le Chirurgien de la Mort" Trafalgar D. Water Law
92%
"L'Homme le Plus Fort au Monde" Edward Newgate
91%
"Seigneur des Ténèbres" Silvers Rayleigh
83%
"Le Fana de Barbe à Papa" Tony Tony Chopper
83%
"Captain" Eustass Kid
78%
"La Pandémie" Queen
76%
"Le Moine Fou" Urouge
75%
"La Sécheresse" Jack
72%
"Gang" Capone Bege
70%
"L'Incendie" King
70%
"Le Tyran" Bartholomew Kuma
67%
"Le Démon Céleste" Don Quichotte Doflamingo
64%
"Sîr ..." Crocodile
56%
"Le Massacreur" Killer
55%
"Le Magicien" Basil Hawkins
54%
"Poséidon" Shiraoshi
50%
"La Marée Rugissante" Scratchmen Apoo
38%
Aucun quiz correspondant
Distribution des résultats
% des personnes avec chaque résultat
Percentile par nombre de réponses
Votre historique - résultats
Vous n’avez pas pris ce quiz